Stanovenie reálnej hodnoty a znalecká cena úrokového forwardu diplomová práca

Saved in:
Bibliographic Details
Main Author: Vrátny, Michal
Corporate Author: Fakulta podnikového manažmentu EU. Katedra podnikových financií
Other Authors: Markovič, Peter, 1974-
Format: Book
Language:Slovak
Published: Bratislava 2018
Tags: Add Tag
No Tags, Be the first to tag this record!

MARC

LEADER 00000nbm a2200000 4500
001 0244730
005 20181001111550.9
041 0 |a slo 
044 |a SK 
245 1 0 |a Stanovenie reálnej hodnoty a znalecká cena úrokového forwardu  |b diplomová práca  |c Michal Vrátny ; školiteľ: Peter Markovič 
264 1 |a Bratislava  |c 2018 
300 |a 77 s. 
100 1 |a Vrátny, Michal 
700 1 |a Markovič, Peter, 1974- 
710 2 |a Fakulta podnikového manažmentu EU. Katedra podnikových financií